1447 1027 1878 1807 1245 1019 1311 1919 1655 1903 1929 1352 1272 1787 1096 1105 1837 1474 1873 1026 1104 1930 1770 1486 1625 1443 1216 1446 1502 1732 1010 1140 1970 1561 1896 1961 1633 1416 1739 1828 1291 1918 1066 1995 1596 1165 1563 1454 1922 1376 1602 1818 1227 1638 1135 1330 1736 1934 1611 1370 1655 1814 1841 1751 1283 1579 1463 1120 1630 1656 1222 1192 1233 1761 1055 1052 1666 1929 1134 1269 1806 1302 1244 1959 1179 1641 1601 1361 1960 1679 1252 1727 1598 1425 1334 1149 1542 1410 1875 BCNSPRNW ULIB Ver.6.0+V

เปลี่ยนเป็นภาษาไทย

Change to English
 แสดงรายละเอียดบรรณานุกรม
  กลับหน้าหลัก

Brief Record : Get Marc (ISO 2709) : E-mail record : QR code < ปิดหน้าต่าง
LEADER : 00000nam 2200000uu 4500
001    13399111171
003     ULIB
008    110619s2548||||th 000 0 tha d
060 04 WY18.2^bว587ส 2548
245 00 สาระทบทวนวิชา :^bกฎหมายและจรรยาบรรณวิชาชีพการพยาบาล /^cหัวหน้าโครงการพัฒนาทักษะชีวิต, ละเอียด แจ่มจันทร์
246 30 กฎหมายและจรรยาบรรณวิชาชีพการพยาบาล
250    พิมพ์ครั้งที่ 1
260    กรุงเทพฯ :^bวิทยาลัยพยาบาลเครือข่ายภาคกลาง, ^c2548
300    107 หน้า ;^c26 ซม.
650  7 การพยาบาล^xกฎหมายและระเบียบข้อบังคับ
650  7 จรรยาบรรณพยาบาล
700 0  ละเอียด แจ่มจันทร์,^eบรรณาธิการ
710     วิทยาลัยพยาบาลเครือข่ายภาคกลาง
945    ^p0^l0^i13721
945    ^p0^l0^i13719
945    ^p0^l0^i13720
995    เกษร
999    ^aใช้งานได้ทุกระบบ
รายการนี้ยังไม่มีแท็ก
คุณยังไม่ได้ล็อกอิน คุณสามารถมีกิจกรรมร่วมกับเว็บไซต์ได้ แต่ต้องล็อกอินก่อน ::
  ล็อกอิน

รายการสื่อสารสนเทศ

ลำดับที่ ประเภท เลขเรียก/บาร์โค้ด สถานที่ สถานะ
- ไม่พบข้อมูล -

รายการใกล้เคียง
    หัวเรื่อง [จรรยาบรรณพยาบาล]

BibComment


ยังไม่เคยถูกคอมเมนท์

คอมเมนท์ทรัพยากรรายการนี้
  คอมเมนท์: สาระทบทวนวิชา กฎ..


 Copyright 2026. Bcnsprnw @Library